Blanqueando un pueblo: Costa Rica, de la colonia a la república

Đã lưu trong:
Chi tiết về thư mục
Định dạng: Texto
Những chủ đề:
Các nhãn: Thêm thẻ
Không có thẻ, Là người đầu tiên thẻ bản ghi này!

MARC

LEADER 00000 a a2200000 04500
001 4228
003
040
090 |a REV0229 (143) 2006  
245 |a Blanqueando un pueblo:   |b Costa Rica, de la colonia a la república  
650 |a HISTORIA COLONIAL  
650 |a MESTIZOS  
650 |a COSTA RICA  
773 |g número 143; páginas 40-77  
999 |c 33408  |d 33408